| 000 | 00761nam a2200241 i 4500 | ||
|---|---|---|---|
| 001 | 71504 | ||
| 003 | ES-MaACL | ||
| 005 | 20230906171141.0 | ||
| 007 | t| | ||
| 008 | 040811s1985 sp ||||1| spa d | ||
| 020 | _a84-7444-170-6 | ||
| 100 | 1 |
_aGenet, Jean. _956303 |
|
| 245 | 1 | 0 |
_aMilagro de la rosa / _cJean Genet ; [versión de María Teresa Gallego Urrutia, María Isabel Reverte Cejudo]. |
| 250 | _a[2ª ed.]. | ||
| 260 |
_aMadrid : _bDebate, _c1985. |
||
| 300 |
_a370 p. ; _c21 cm. |
||
| 490 | 1 |
_aDebate literatura ; _v5 |
|
| 700 | 1 |
_aGallego Urrutia, María Teresa. _953590 |
|
| 700 | 1 |
_aReverté Cejudo, María Isabel. _996417 |
|
| 830 | 0 |
_aDebate literatura ; _v5 _9181756 |
|
| 852 |
_aES-MaACL _jL-8442 _bR.109248 |
||
| 999 |
_c71504 _d71504 |
||